O caminho de volta (Registo nº 74496)

Detalhes MARC
000 -Etiqueta do registo
campo de controlo de comprimento fixo 00616 a2200217 4500
001 - Identificador do registo
Campo de controlo 74496
005 - Identificador da versão
Campo de controlo 20260210164344.0
010 ## - ISBN
Número (ISBN) 978-989-583-870-7
100 ## - Dados Gerais de Proc.
Dados gerais de processamento 20260210d2025 |||u0pory50
101 ## - Língua da publicação
Língua do texto, banda sonora, etc. Português
102 ## - País de Publicação
País de publicação Portugal
200 ## - Título
Título próprio O caminho de volta
Primeira menção de responsabilidade António Jorge Gonçalves
210 ## - Publicação, Distribuição
Lugar da edição, distribuição, etc. Lisboa
Nome do editor, distribuidor, etc. Companhia das Letras
Data da publicação, distribuição, etc. 2025
215 ## - Descrição física
Descrição física [155] p.
Outras indicações físicas il., banda desenhada
225 ## - Colecção
Título próprio da colecção Não-ficção literária
Indicação de volume 7
675 ## - CDU
Notação 821.134.3-9"19/20"
Edição BN
Língua da edição Português
675 ## - CDU
Notação 741.5"19/20"
Edição BN
Língua da edição Português
700 ## - Responsabilidade principal
Palavra de ordem Gonçalves
Outra parte do nome António Jorge
Datas 1964-
Koha Internal Code 22463
801 ## - Fonte de origem
País Portugal
Agência BN
Regras de catalogação RPC
090 ## - Números de controlo do sistema (Koha)
Número biblioitem do Koha (gerado automaticamente) 74496
942 ## - Elementos de entrada adicionados (Koha)
Tipo de item no Koha Monografias
Suprimido Disponível no OPAC
Exemplares
Removido (estado) Perdido (estado) Data de aquisição Origem do registo (biblioteca) (codificado) Código da organização que empresta ou é detentora (biblioteca) Código de barras Local Número de inventário Cota Tipo de circulação (não pode ser emprestado) Preço Tipo de item e material
Disponível Disponível 2026-02-10 Biblioteca Municipal Álvaro de Campos Biblioteca Municipal Álvaro de Campos BMTAV73079 Sala de Adultos 73079 R6 GON Normal 16.65 Monografias